00241nam a2200085Ia 4500008004100000041000800041100002100049245005000070260003500120241105s9999 xx 000 0 und d aeng aMahajan Manali S aYoga And Meditation Centre At Diveagar,Konkan bFinal Year B. Arch, BNCAc2014